| 000 | 00821nam a22001577a 4500 | ||
|---|---|---|---|
| 003 | OSt | ||
| 005 | 20151202134635.0 | ||
| 008 | 151202b xxu||||| |||| 00| 0 eng d | ||
| 040 | _cRUA | ||
| 082 | _aFIS HEN 2002 B173 Or.1 | ||
| 100 |
_94132 _aHENG, CHHEANGKIM. |
||
| 245 | _aThe effect of feeding frequency of fresh trash fish the growth and survival rate of oxyeleotris marmorata culture in cement tank, ឥទ្ធិពលចំនួនដងនៃការផ្ដល់ចំណីត្រីស្រស់(ត្រីលេខប៣)ទៅលើការលូតលាស់ និងអត្រារស់របស់ត្រីដំរីចិញ្ចឹមក្នុងអាងស៊ីម៉ង់តិ៍ | ||
| 260 |
_aPhnom Penh _bRUA _c2002 |
||
| 300 |
_a54p. _bill. _c29cm. |
||
| 942 |
_2ddc _cFIS |
||
| 999 |
_c3845 _d3845 |
||